000 00688nam a2200253Ia 4500
005 20260306145511.0
008 008 260114s9999 xx 000 0 eng d
020 _a9781646023066
037 _aEbook
040 _aCRL
040 _beng
040 _cCRL
041 _2eng
041 _aeng
084 _qCRL
100 _aHoffner Jr., Harry A. / Melchert, H. Craig
_91123919
245 2 _aA Grammar of the Hittite Language: Part 1: Reference Grammar
260 _bPenn State University Press
260 _c2024
650 _aLinguistics and Semiotics
_91123920
856 _uhttps://www.degruyter.com/isbn/9781646023066
942 _cEBOOK
999 _c1688758
_d1688758